| 000 | 00447nam a2200181Ia 4500 | ||
|---|---|---|---|
| 005 | 20250423094728.0 | ||
| 008 | 250422s9999 xx 000 0 und d | ||
| 020 | _a0-7167-9671-6 | ||
| 050 | _aQD 31.3 .B45/ | ||
| 100 | _aBeta Version | ||
| 245 | 0 | _aChemistry : a project of the American Chemical Society | |
| 260 | _aNew York | ||
| 260 | _bFree Man and Company | ||
| 260 | _c2003 | ||
| 300 | _a11104 p | ||
| 650 | _aScience | ||
| 942 | _cBK | ||
| 999 |
_c28116 _d28116 |
||